<?xml version="1.0" encoding="UTF-8"?>
<record
    xmlns:xsi="http://www.w3.org/2001/XMLSchema-instance"
    xsi:schemaLocation="http://www.loc.gov/MARC21/slim http://www.loc.gov/standards/marcxml/schema/MARC21slim.xsd"
    xmlns="http://www.loc.gov/MARC21/slim">

  <leader>00717nam a2200181 i 4500</leader>
  <controlfield tag="001">35314</controlfield>
  <controlfield tag="003">ES-MaACL</controlfield>
  <controlfield tag="005">20230906155114.0</controlfield>
  <controlfield tag="007">t|</controlfield>
  <controlfield tag="008">030212s1948    sp           ||||1| spa d</controlfield>
  <datafield tag="100" ind1="1" ind2=" ">
    <subfield code="a">Botvinnik, Mihail.</subfield>
    <subfield code="9">30810</subfield>
  </datafield>
  <datafield tag="245" ind1="1" ind2="0">
    <subfield code="a">Botvinnik, Campe&#xF3;n del Mundo de ajedrez </subfield>
    <subfield code="b">: todas las partidas del campeonato jugado en La Haya y Mosc&#xFA; en 1948 : recopilaci&#xF3;n de comentarios de los grandes maestros / </subfield>
    <subfield code="c">Mihail Botvinnik ; revisi&#xF3;n t&#xE9;cnica de Julio Ganzo.</subfield>
  </datafield>
  <datafield tag="260" ind1=" " ind2=" ">
    <subfield code="a">Madrid : </subfield>
    <subfield code="b">Ricardo Aguilera, </subfield>
    <subfield code="c">1948 (</subfield>
    <subfield code="e">Toledo : </subfield>
    <subfield code="f">Rafael G&#xF3;mez-Menor)</subfield>
  </datafield>
  <datafield tag="300" ind1=" " ind2=" ">
    <subfield code="a">94 p. : </subfield>
    <subfield code="b">il. ; </subfield>
    <subfield code="c">16 cm.</subfield>
  </datafield>
  <datafield tag="650" ind1="0" ind2="4">
    <subfield code="a">Ajedrez.</subfield>
    <subfield code="9">9707</subfield>
  </datafield>
  <datafield tag="700" ind1="1" ind2=" ">
    <subfield code="a">Ganzo, Julio.</subfield>
    <subfield code="9">53894</subfield>
  </datafield>
  <datafield tag="852" ind1=" " ind2=" ">
    <subfield code="a">ES-MaACL</subfield>
    <subfield code="j">1487-F-5 </subfield>
    <subfield code="b">R.26428</subfield>
  </datafield>
  <datafield tag="999" ind1=" " ind2=" ">
    <subfield code="c">35314</subfield>
    <subfield code="d">35314</subfield>
  </datafield>
  <datafield tag="952" ind1=" " ind2=" ">
    <subfield code="0">0</subfield>
    <subfield code="1">0</subfield>
    <subfield code="4">0</subfield>
    <subfield code="7">0</subfield>
    <subfield code="8">Colecci&#xF3;n_de_folletos</subfield>
    <subfield code="a">ATENEOM</subfield>
    <subfield code="b">ATENEOM</subfield>
    <subfield code="c">DEPOF</subfield>
    <subfield code="d">2008-01-17</subfield>
    <subfield code="e">SC</subfield>
    <subfield code="l">0</subfield>
    <subfield code="o">1487-F-5</subfield>
    <subfield code="p">1036942</subfield>
    <subfield code="r">2023-02-23 00:00:00</subfield>
    <subfield code="w">2023-02-23</subfield>
    <subfield code="y">FOLLETOS</subfield>
  </datafield>
</record>
